| 000 | 00605nam a2200229Ia 4500 | ||
|---|---|---|---|
| 005 | 20260429112141.0 | ||
| 008 | 260429s9999||||xx |||||||||||||| ||und|| | ||
| 020 | _a9781394262502 | ||
| 041 | _aEnglish | ||
| 082 |
_a658.7 _bMAN |
||
| 100 | _aMangan, John | ||
| 245 | 0 |
_aGlobal logistics and supply chain management / _cJohn Mangan |
|
| 250 | _a5th ed. | ||
| 260 |
_aUSA : _bWiley, _c2025. |
||
| 300 | _axvii, 280 p.; pbk | ||
| 650 | _a Logistics | ||
| 650 | _a Supplay chain management | ||
| 650 | _aTransport | ||
| 700 | _a Calatayud, Agustina | ||
| 700 | _a Lalwani, Chandra | ||
| 942 | _cTB | ||
| 999 |
_c52604 _d52604 |
||